01877nam a2200397 a 4500003000900000005001700009008004100026020001800067040001300085100001900098245006800117260027100185300004000456490009700496500026300593500004200856610005800898650003100956650002700987650001101014650002601025651001301051653004201064653003101106653002701137653002801164653002501192653002401217700003401241700003201275700003101307700003901338700003201377700003401409700003601443AR-BaBNM20251128210604.0082120s2002 ||||||||||||||000 | spa|| a84-369-2987-x cAR-BaBNM1 aCalvet, Miquel00aLos materiales en la vida cotidianabsus propiedades y sus usos aMadridbMinisterio de Educacion y Ciencia (España)bMinisterio de Cultura y Educación (Argentina)bMinisterio de Educación (Cuba)bMinisterio de Educación (Venezuela)bUniversidad Nacional de Educación a DistanciabUniversidad Autónoma de Barcelonac1997 a99 p.btablas, gráfs., il.evideo 0aCurso de formación de profesores de ciencias. Propiedades y estructura de la materiavv. 2 aEste material forma parte del curso de enseñanza a distancia para la Televisión Educativa Iberoamericana. Se compone de 29 unidades didácticas que constan de un material impreso y de un programa audiovisual. Solicitar en MEDIATECA videos de Forciencias aContiene referencias bibliográficas24aAsociación de Televisión Educativa Iberoamericana 4aACTIVIDADES DE APRENDIZAJE 4aMETODOS DE ENSEÑANZA 4aFISICA 4aESTADOS DE LA MATERIA 4aEspaña aENSEÑANZA DE LAS CIENCIAS NATURALES aFORMACION DOCENTE CONTINUA aTERCER CICLO DE LA EGB aSEGUNDO CICLO DE LA EGB aEDUCACION SECUNDARIA aUNIDADES DIDACTICAS1 aBoix, Montserratecolaborador1 aGamero, Silviaecolaborador1 aParís, Maryecolaborador1 aSánchez, Montserratecolaborador1 aSolsona, Nuriaecolaborador1 aSanmartí, Neusecolaborador1 aGil Pérez, Danielerevisión